Profile: Ron Weasley Quiz Stats

 Plays Quiz Updated Nov 16, 2017

Challenge
Share
Tweet
Embed
Score 0/36 Timer 04:00
1 Play Today
Ron Weasley Fact % Correct
Hermione Granger
95.3%
Ginny
94.8%
George
94.3%
Fred
94.1%
Spiders
92.2%
Percy
91.7%
Scabbers
91.5%
Bill
88.9%
Wizard Chess
88.4%
Molly
87.1%
Rupert Grint
87%
Keeper
86.6%
Charlie
86.4%
Arthur
84.3%
Whomping Willow
83.5%
Slugs
78.1%
Padma Patil
77.7%
Sirius Black
77.6%
Ron Weasley Fact % Correct
Lavender Brown
77.2%
Aragog
77%
Floo Powder
75.2%
Godric Gryffindor
70.6%
Wingardium Leviosa
70.5%
Errol
65.9%
The Burrow
65.9%
Pigwidgeon
65.6%
Fenrir Greyback
59.5%
Deluminator
54.9%
Chudley Cannons
54%
Jack Russell Terrier
51.8%
Bilius
50.7%
Veela
50.1%
Skrewts
49.8%
Confundus
49.6%
Brain
36.1%
Oak Matured Mead
35.8%

You're not logged in!

Compare scores with friends on all Sporcle quizzes.
Join for Free
OR
Log In

You Might Also Like...

Show Comments

Extras

Top Quizzes Today


Score Distribution

Your Account Isn't Verified!

In order to create a playlist on Sporcle, you need to verify the email address you used during registration. Go to your Sporcle Settings to finish the process.

Report this User

Report this user for behavior that violates our Community Guidelines.

Details: